| 000 | 00860cab a2200277 4500 | ||
|---|---|---|---|
| 001 | ABS51158 | ||
| 008 | 090401t1994 xxu||||| |||| 00| 0 eng d | ||
| 035 | _a(Sirsi) u13269 | ||
| 041 | _aeng | ||
| 100 | _aParker, D. | ||
| 245 | _aDeterminants of the capitalisation rate - relative and proportionate importance | ||
| 260 | _c1994 | ||
| 350 | _a0 | ||
| 490 |
_aAIVLE Research Notes _v(11) May 1994, 1-8(8) |
||
| 520 | _aClaims that the current capitalisation rate adjustment method is too subjective and endangers the credibility of the valuer`s work. | ||
| 650 | _aCAPITALISATION OF INCOME | ||
| 650 | _aCAPITALISATION RATE | ||
| 650 | _aCOMPARABLES | ||
| 650 | _aDETERMINANTS | ||
| 650 | _aMETHODS OF VALUATION | ||
| 650 | _aSUBJECTIVE | ||
| 650 |
_aValuation _96273 |
||
| 690 | _aRATING AND VALUATION | ||
| 942 | _n0 | ||
| 948 | _c04/03/1997 | ||
| 999 |
_c8547 _d8547 |
||